What Every Engineer Should Know About the Internet of Things / By Mohamad Kassab (Record no. 594894)
[ view plain ]
| 000 -LEADER | |
|---|---|
| fixed length control field | 00329nam a22001217a 4500 |
| 020 ## - INTERNATIONAL STANDARD BOOK NUMBER | |
| International Standard Book Number | 9780367858780 |
| 040 ## - CATALOGING SOURCE | |
| Original cataloging agency | dlc |
| Transcribing agency | dlc |
| Modifying agency | dlc |
| Description conventions | dlc |
| 082 ## - DEWEY DECIMAL CLASSIFICATION NUMBER | |
| Classification number | 4.678 |
| Author Mark | DEF |
| 245 ## - TITLE STATEMENT | |
| Title | What Every Engineer Should Know About the Internet of Things / By Mohamad Kassab |
| 250 ## - EDITION STATEMENT | |
| Edition statement | 1st Editon |
| 260 ## - PUBLICATION, DISTRIBUTION, ETC. | |
| Name of publisher, distributor, etc. | CRC Press |
| Date of publication, distribution, etc. | 2022 |
| 942 ## - ADDED ENTRY ELEMENTS (KOHA) | |
| Source of classification or shelving scheme | |
| Koha item type | Book |
| Withdrawn status | Lost status | Source of classification or shelving scheme | Damaged status | Not for loan | Permanent Location | Current Location | Date acquired | Total Checkouts | Full call number | Barcode | Date last seen | Price effective from | Koha item type |
|---|---|---|---|---|---|---|---|---|---|---|---|---|---|
| School of Civil and Environmental Engineering (SCEE) | School of Civil and Environmental Engineering (SCEE) | 05/31/2023 | 4.678 DEF | NIT-13693 | 05/31/2023 | 05/31/2023 | Book |
